000
00179 a2200097 4500
020
_a
9780673758774
041
_a
spa
100
_a
Simms, Tanya
245
_a
El tronco
942
_c
BK
999
_c
31927
_d
31925